កម្រងឯកសារសិក្សា នៃប្រទេសកម្ពុជា : (Record no. 6126)
[ view plain ]
| 000 -LEADER | |
|---|---|
| fixed length control field | 01305nam a22002657a 4500 |
| 001 - CONTROL NUMBER | |
| control field | 6126 |
| 003 - CONTROL NUMBER IDENTIFIER | |
| control field | FISKH |
| 005 - DATE AND TIME OF LATEST TRANSACTION | |
| control field | 20250317123628.0 |
| 008 - FIXED-LENGTH DATA ELEMENTS--GENERAL INFORMATION | |
| fixed length control field | 250317b cb ||||| |||| 00| 0 eng d |
| 020 ## - INTERNATIONAL STANDARD BOOK NUMBER | |
| International Standard Book Number | 9789995081447 |
| 040 ## - CATALOGING SOURCE | |
| Original cataloging agency | FISKH |
| Language of cataloging | Khmer and English |
| Transcribing agency | FISKH |
| Modifying agency | FISKH |
| 050 ## - LIBRARY OF CONGRESS CALL NUMBER | |
| Classification number | PZ7 |
| 082 ## - DEWEY DECIMAL CLASSIFICATION NUMBER | |
| Classification number | 610 |
| 100 ## - MAIN ENTRY--PERSONAL NAME | |
| Personal name | Save Cambodia's Wildlife |
| 245 ## - TITLE STATEMENT | |
| Title | កម្រងឯកសារសិក្សា នៃប្រទេសកម្ពុជា : |
| Remainder of title | The school Atlas of Cambodia save Cambodia's wildlife / |
| Statement of responsibility, etc. | By Save Cambodia's Wildlife |
| 260 ## - PUBLICATION, DISTRIBUTION, ETC. | |
| Place of publication, distribution, etc. | Phnom Penh : |
| Name of publisher, distributor, etc. | Save Cambodia's Wildlife / |
| Date of publication, distribution, etc. | 2006. |
| 300 ## - PHYSICAL DESCRIPTION | |
| Extent | 53 pages : |
| Other physical details | color illustrations , maps ; |
| Dimensions | 30 cm . |
| 520 ## - SUMMARY, ETC. | |
| Summary, etc. | សៀវភៅនេះជាសៀវភៅសិក្សាមួយដែលផ្តោតទៅលើពត៏មាន ស្តីអំពីបរិស្ថាន សុខភាព និងកត្តាផ្សេងៗ។ |
| 520 ## - SUMMARY, ETC. | |
| Summary, etc. | This book is a textbook that focuses on information about the environment, health, and other factors. |
| 650 ## - SUBJECT ADDED ENTRY--TOPICAL TERM | |
| Topical term or geographic name entry element | កម្រងឯកសារសិក្សា នៃប្រទេសកម្ពុជា |
| 650 ## - SUBJECT ADDED ENTRY--TOPICAL TERM | |
| Topical term or geographic name entry element | Cambodia study guide |
| 700 ## - ADDED ENTRY--PERSONAL NAME | |
| Personal name | Manika, Kerri |
| Relator term | illustrator |
| 942 ## - ADDED ENTRY ELEMENTS (KOHA) | |
| Source of classification or shelving scheme | Dewey Decimal Classification |
| Koha item type | Books |
| Suppress in OPAC | No |
| Withdrawn status | Lost status | Source of classification or shelving scheme | Damaged status | Not for loan | Collection | Home library | Current library | Shelving location | Date acquired | Total Checkouts | Full call number | Barcode | Date last seen | Price effective from | Koha item type |
|---|---|---|---|---|---|---|---|---|---|---|---|---|---|---|---|
| Dewey Decimal Classification | Khmer-English Bilingual / ភាសាខ្មែរ-អង់គ្លេស | Footprints International School Library Network Toul Tom Poung Campus | Footprints International School Library Network Toul Tom Poung Campus | TTP Secondary Khmer Bookshelves | 03/17/2025 | SAV PZ7 610 | 2025-0788 | 03/17/2025 | 03/17/2025 | Books |
